LEADER 01405nam a2200325 u 4500 001 000000014742 003 CaOOAMICUS 005 20070226105811.0 008 940517s1990 it u000 u ita u 020 $a88-372-1395-6 035 $a10346576 040 $aPUL(R)$bita 100 1 $aNicoletti, Michele,$d1956-$0(OLS)http://pul/name/13650 245 10$aTrascendenza e potere :$bla teologia politica di Carl Schmitt /$cMichele Nicoletti. 260 $aBrescia :$bMorcelliana,$c1990. 300 $a697 p. ;$c23 cm 490 1 $aReligione e cultura ;$v3 500 $aIn testa al front.: Istituto di scienze religiose in Trento. 504 $aBibliografia : p. 641-681. 504 $aContiene indici. 600 14$aSchmitt, Carl,$d1888-1985$xCritica e interpretazione.$0(OLS)http://pul/subject/10280 710 2 $aIstituto di scienze religiose in Trento.$0(OLS)http://pul/name/399 830 0$aReligione e cultura ;$v3.$0(OLS)http://pul/title/21162 850 $aPUL 852 $aPUL$W1$xSL Religione 1$y3$m58 M 34$j20667$nBK-PRI$b $qStampati$B20667$CPULBib$Z2$F20667 $H $81 941 1 $a8 961 $aINV: 63436 996 $6020$a88-372-1395-6$9(OLS)http://pul/number/18728 996 $6245$aTrascendenza e potere :$bla teologia politica di Carl Schmitt$9(OLS)http://pul/title/21161 996 $6260$aBrescia :$bMorcelliana$9(OLS)http://pul/publisher/47854 LEADER 00989nam a2200265 a 4500 001 000000137616 003 CaOOAMICUS 005 20140228134439.0 008 140228s1999 it u000 u ita r 020 $a88-420-5899-8 040 $aPUL$bita 245 00$aNew age? /$cA cura di Jader Jacobelli. 260 $aRoma ;$aBari :$bLaterza,$c1999. 300 $aVIII, 168 p. ;$c18 cm 490 1 $aSaggi tascabili Laterza ;$v237 650 4$aNew Age movement.$0(OLS)http://pul/subject/25360 700 1 $aJacobelli, Jader,$cO.I.M.,$d1918-$0(OLS)http://pul/name/40898 830 0$aSaggi tascabili Laterza ;$v237.$0(OLS)http://pul/title/33436 850 $aPUL 852 $aPUL$W1$xDP1 Fondo E. Rossi$y115$m7 A 22$j42672$qFondi$B158154$CPULBib$Z2$F158154 $82 941 1 $a1 996 $6020$a88-420-5899-8$9(OLS)http://pul/number/154679 996 $6245$aNew age?$9(OLS)http://pul/title/174230 996 $6260$aRoma ;$aBari :$bLaterza$9(OLS)http://pul/publisher/57682